Skin by Seonghwa - ATEEZ - Statistics

General Stats
  • This quiz has been taken 4 times
  • The average score is 140 of 189
Answer Stats
Hint Answer % Correct
a
100%
(yeah) deo gipi samkyeo nae modeun geol | deo gipi samkyeo nae modeun geol i
100%
im
100%
it
100%
its
100%
me
100%
my
100%
on
100%
skin
100%
the
100%
sum makhige all
67%
awake
67%
babe
67%
bad
67%
day
67%
deserve
67%
teojildeuthan desire
67%
for
67%
go
67%
higher
67%
keeping
67%
kill
67%
know
67%
look
67%
makes
67%
more
67%
moves
67%
night
67%
oh
67%
(SH) mogeul joreuneun scent
67%
see
67%
she
67%
so
67%
some
67%
that
67%
touch
67%
trace
67%
waiting
67%
wanna
67%
want
67%
way
67%
what
67%
wildfire
67%
with
67%
seumyeodeureo without
67%
written
67%
yeah
67%
nalkaroun yuhoge songil
eongkyeo inneun sumaneun gamgak
garyeojin heomureul beoseun chae | weonhaneun ge mweodeun
you
67%
baby
33%
but
33%
got
33%
have
33%
(loving what i hear) hear
33%
beoseonal su eopge nal | day hold
33%
if
33%
loving
33%
now
33%
only
33%
seuchineun sonkkeute neukkyeojin shinhodeul uriman aneun rule
33%
sumgyeojweo nae secret
33%
tight
33%
No matching quizzes found
Score Distribution
Percent of People with Each Score
Percentile by Number Answered
Your Score History
You have not taken this quiz